<?xml version="1.0" encoding="UTF-8"?>
<record
    xmlns:xsi="http://www.w3.org/2001/XMLSchema-instance"
    xsi:schemaLocation="http://www.loc.gov/MARC21/slim http://www.loc.gov/standards/marcxml/schema/MARC21slim.xsd"
    xmlns="http://www.loc.gov/MARC21/slim">

  <leader>00796nam a2200157   4500</leader>
  <controlfield tag="003">LRUA</controlfield>
  <controlfield tag="005">20200706101326.0</controlfield>
  <controlfield tag="008">200706b        xxu||||| |||| 00| 0 eng d</controlfield>
  <datafield tag="040" ind1=" " ind2=" ">
    <subfield code="c">RUA</subfield>
  </datafield>
  <datafield tag="082" ind1=" " ind2=" ">
    <subfield code="a">AED PEO 2018 B466 Or.1  </subfield>
  </datafield>
  <datafield tag="100" ind1=" " ind2=" ">
    <subfield code="9">14264</subfield>
    <subfield code="a">PEOU HORN,&#x1796;&#x17C5; &#x17A0;&#x1793;</subfield>
  </datafield>
  <datafield tag="245" ind1=" " ind2=" ">
    <subfield code="a">the study on capacity of commune council in developmnt of decentraliztion in romeas hek district,svay rieng province,&#x1780;&#x17B6;&#x179A;&#x179F;&#x17B7;&#x1780;&#x17D2;&#x179F;&#x17B6;&#x1796;&#x17B8;&#x179F;&#x1798;&#x178F;&#x17D2;&#x1790;&#x1797;&#x17B6;&#x1796;&#x179A;&#x1794;&#x179F;&#x17CB;&#x1780;&#x17D2;&#x179A;&#x17BB;&#x1798;&#x1794;&#x17D2;&#x179A;&#x17B9;&#x1780;&#x17D2;&#x179F;&#x17B6;&#x1783;&#x17BB;&#x17C6;&#x1780;&#x17D2;&#x1793;&#x17BB;&#x1784;&#x1780;&#x17B6;&#x179A;&#x17A2;&#x1797;&#x17B7;&#x179C;&#x178C;&#x17D2;&#x178D;&#x1794;&#x17D2;&#x179A;&#x1796;&#x17D0;&#x1793;&#x17D2;&#x1792;&#x179C;&#x1798;&#x1787;&#x17D2;&#x178D;&#x1780;&#x17B6;&#x179A;&#x1780;&#x17D2;&#x1793;&#x17BB;&#x1784;&#x179F;&#x17D2;&#x179A;&#x17BB;&#x1780;&#x179A;&#x1798;&#x17B6;&#x179F;&#x17A0;&#x17C2;&#x1780; &#x1781;&#x17C1;&#x178F;&#x17D2;&#x178F;&#x179F;&#x17D2;&#x179C;&#x17B6;&#x1799;&#x179A;&#x17C0;&#x1784;</subfield>
  </datafield>
  <datafield tag="260" ind1=" " ind2=" ">
    <subfield code="a">RUA</subfield>
    <subfield code="b">phnom penh</subfield>
    <subfield code="c">2018</subfield>
  </datafield>
  <datafield tag="300" ind1=" " ind2=" ">
    <subfield code="a">x;47p;</subfield>
    <subfield code="b">ill;</subfield>
    <subfield code="c">29cm;</subfield>
  </datafield>
  <datafield tag="942" ind1=" " ind2=" ">
    <subfield code="c">AED</subfield>
    <subfield code="2">ddc</subfield>
  </datafield>
  <datafield tag="999" ind1=" " ind2=" ">
    <subfield code="c">19239</subfield>
    <subfield code="d">19239</subfield>
  </datafield>
  <datafield tag="952" ind1=" " ind2=" ">
    <subfield code="0">0</subfield>
    <subfield code="1">0</subfield>
    <subfield code="2">ddc</subfield>
    <subfield code="4">0</subfield>
    <subfield code="6">AED_PEO_2018_000000000000000_B466_OR_1</subfield>
    <subfield code="7">0</subfield>
    <subfield code="9">84416</subfield>
    <subfield code="a">LBB</subfield>
    <subfield code="b">LBB</subfield>
    <subfield code="c">B466</subfield>
    <subfield code="d">2020-07-06</subfield>
    <subfield code="o">AED PEO 2018 B466 Or.1</subfield>
    <subfield code="p">A43373</subfield>
    <subfield code="r">2020-07-06</subfield>
    <subfield code="w">2020-07-06</subfield>
    <subfield code="y">AED</subfield>
  </datafield>
  <datafield tag="952" ind1=" " ind2=" ">
    <subfield code="0">0</subfield>
    <subfield code="1">0</subfield>
    <subfield code="2">ddc</subfield>
    <subfield code="4">0</subfield>
    <subfield code="6">AED_PEO_2018_000000000000000_B466_OR_2</subfield>
    <subfield code="7">0</subfield>
    <subfield code="9">84417</subfield>
    <subfield code="a">LBB</subfield>
    <subfield code="b">LBB</subfield>
    <subfield code="c">B466</subfield>
    <subfield code="d">2020-07-06</subfield>
    <subfield code="o">AED PEO 2018 B466 Or.2</subfield>
    <subfield code="p">A44015</subfield>
    <subfield code="r">2020-07-06</subfield>
    <subfield code="w">2020-07-06</subfield>
    <subfield code="y">AED</subfield>
  </datafield>
  <datafield tag="952" ind1=" " ind2=" ">
    <subfield code="0">0</subfield>
    <subfield code="1">0</subfield>
    <subfield code="2">ddc</subfield>
    <subfield code="4">0</subfield>
    <subfield code="6">AED_PEO_2018_000000000000000_B466_OR_3</subfield>
    <subfield code="7">0</subfield>
    <subfield code="9">84418</subfield>
    <subfield code="a">LBB</subfield>
    <subfield code="b">LBB</subfield>
    <subfield code="c">B466</subfield>
    <subfield code="d">2020-07-06</subfield>
    <subfield code="o">AED PEO 2018 B466 Or.3</subfield>
    <subfield code="p">A43418</subfield>
    <subfield code="r">2020-07-06</subfield>
    <subfield code="w">2020-07-06</subfield>
    <subfield code="y">AED</subfield>
  </datafield>
  <datafield tag="952" ind1=" " ind2=" ">
    <subfield code="0">0</subfield>
    <subfield code="1">0</subfield>
    <subfield code="2">ddc</subfield>
    <subfield code="4">0</subfield>
    <subfield code="6">AED_PEO_2018_000000000000000_B466_OR_4</subfield>
    <subfield code="7">0</subfield>
    <subfield code="9">84419</subfield>
    <subfield code="a">LBB</subfield>
    <subfield code="b">LBB</subfield>
    <subfield code="c">B466</subfield>
    <subfield code="d">2020-07-06</subfield>
    <subfield code="o">AED PEO 2018 B466 Or.4</subfield>
    <subfield code="p">A063548</subfield>
    <subfield code="r">2020-07-06</subfield>
    <subfield code="w">2020-07-06</subfield>
    <subfield code="y">AED</subfield>
  </datafield>
  <datafield tag="952" ind1=" " ind2=" ">
    <subfield code="0">0</subfield>
    <subfield code="1">0</subfield>
    <subfield code="2">ddc</subfield>
    <subfield code="4">0</subfield>
    <subfield code="6">AED_PEO_2018_000000000000000_B466_OR_5</subfield>
    <subfield code="7">0</subfield>
    <subfield code="9">84420</subfield>
    <subfield code="a">LBB</subfield>
    <subfield code="b">LBB</subfield>
    <subfield code="c">B466</subfield>
    <subfield code="d">2020-07-06</subfield>
    <subfield code="o">AED PEO 2018 B466 Or.5</subfield>
    <subfield code="p">A43195</subfield>
    <subfield code="r">2020-07-06</subfield>
    <subfield code="w">2020-07-06</subfield>
    <subfield code="y">AED</subfield>
  </datafield>
  <datafield tag="952" ind1=" " ind2=" ">
    <subfield code="0">0</subfield>
    <subfield code="1">0</subfield>
    <subfield code="2">ddc</subfield>
    <subfield code="4">0</subfield>
    <subfield code="6">AED_PEO_2018_000000000000000_B466_OR_6</subfield>
    <subfield code="7">0</subfield>
    <subfield code="9">84421</subfield>
    <subfield code="a">LBB</subfield>
    <subfield code="b">LBB</subfield>
    <subfield code="c">B466</subfield>
    <subfield code="d">2020-07-06</subfield>
    <subfield code="o">AED PEO 2018 B466 Or.6</subfield>
    <subfield code="p">A063864</subfield>
    <subfield code="r">2020-07-06</subfield>
    <subfield code="w">2020-07-06</subfield>
    <subfield code="y">AED</subfield>
  </datafield>
</record>
